000 01008nam a2200217Ia 4500
001 10331
003 GE_BSU
008 181216s||||||||xx |||||||||||||| ||und||
040 _cGE_BSU
080 _a821.353.1+821.353.1-141+821.353.1-32+821.353.1-97
245 _aქართული მწერლობა:ოცდაათ ტომად.ტ1
245 _bV-X საუკუნეთა მწერლობა
245 _cშემდგ.ა.ბაქრაძე,რ.თვარაძე,სარედ.კოლ.ა.ბაქრაძე და სხვ.წინასიტყვ.რ.თვარაძისა,ბოლოსიტყვ.ავტ.და ტომის რედ.რ.სირაძე
260 _aთბილისი
260 _bნაკადული
260 _c1987
300 _a766გვ.20სმ.
653 _aV-X საუკუნეთა მწერლობა
653 _aქართული მწერლობა
942 _cBK
999 _c43597
_d43597